[Event "British Chess Championship 2010"]
[Site "Canterbury ENG"]
[Date "2010.08.04"]
[Round "9.19"]
[White "Addison, Bret C"]
[Black "Jones, Victor G L"]
[Result "0-1"]
[WhiteElo "2235"]
[BlackElo "2105"]
[PlyCount "58"]
[EventDate "2010.07.27"]
[EventType "swiss"]
[EventRounds "11"]
[EventCountry "ENG"]
[Source "lmi"]
[SourceDate "2010.07.25"]

1. d4 Nf6 2. c4 e6 3. Nc3 Bb4 4. f3 c5 5. d5 Nh5 6. Nh3 d6 7. Nf2 f5 8. e4 O-O
9. Bd3 Bxc3+ 10. bxc3 f4 11. g4 Nf6 12. dxe6 Bxe6 13. e5 dxe5 14. Qc2 e4 15.
Nxe4 Nxe4 16. Bxe4 Bxc4 17. Bxh7+ Kh8 18. Be4 Nc6 19. Kf2 Ne5 20. Kg2 Qf6 21.
h4 Rad8 22. Bb2 Nxg4 23. fxg4 f3+ 24. Kh3 f2 25. Raf1 Rd3+ 26. Bxd3 Qf3+ 27.
Kh2 Qf4+ 28. Kh3 Qe3+ 29. Kh2 Rf3 0-1

[Event "British Chess Championship 2010"]
[Site "Canterbury ENG"]
[Date "2010.08.04"]
[Round "9.20"]
[White "Cumbers, Paul"]
[Black "Josse, Mark"]
[Result "0-1"]
[WhiteElo "2218"]
[BlackElo "2128"]
[PlyCount "60"]
[EventDate "2010.07.27"]
[EventType "swiss"]
[EventRounds "11"]
[EventCountry "ENG"]
[Source "lmi"]
[SourceDate "2010.07.25"]

1. d4 Nf6 2. c4 e6 3. Nc3 Bb4 4. f3 c5 5. d5 b5 6. e4 bxc4 7. Bxc4 exd5 8. Bxd5
Nxd5 9. Qxd5 Nc6 10. Nge2 Ba6 11. Kf2 Rc8 12. Be3 O-O 13. Rhd1 Re8 14. Kg1 Ne5
15. Nf4 Rc6 16. Qb3 Qg5 17. Kh1 Qh4 18. Ncd5 g5 19. Nxb4 cxb4 20. Nd5 Rh6 21.
Bg1 g4 22. f4 Ng6 23. Qxb4 g3 24. e5 Ne7 25. Nxe7+ Qxe7 26. Qxe7 Rxe7 27. Rac1
Rh4 28. Rd4 Bb7 29. Rc3 gxh2 30. Bf2 Bxg2+ 0-1

[Event "British Chess Championship 2010"]
[Site "Canterbury ENG"]
[Date "2010.08.04"]
[Round "9.21"]
[White "Sathyanandha, Saravanan"]
[Black "Sugden, John N"]
[Result "0-1"]
[WhiteElo "1986"]
[BlackElo "2199"]
[PlyCount "74"]
[EventDate "2010.07.27"]
[EventType "swiss"]
[EventRounds "11"]
[EventCountry "ENG"]
[Source "lmi"]
[SourceDate "2010.07.25"]

1. d4 Nf6 2. c4 e6 3. Nc3 Bb4 4. Qc2 c5 5. a3 Bxc3+ 6. bxc3 Nc6 7. Nf3 d6 8. e4
e5 9. d5 Ne7 10. Bd3 Ng6 11. O-O h6 12. Kh1 Qe7 13. Re1 Bg4 14. Ng1 O-O-O 15.
Bf1 Nf8 16. Rb1 Kb8 17. Bd2 g5 18. Qa4 Qd7 19. Qa5 Ng6 20. f3 Bh5 21. g4 Nxg4
22. fxg4 Bxg4 23. h3 Bh5 24. Rb2 Rc8 25. Qb5 Qe7 26. Reb1 Rc7 27. Be3 Rd8 28.
Rf2 Nf4 29. Bxf4 exf4 30. Re1 f6 31. Bg2 Qe5 32. Qb2 Re8 33. Nf3 Qe7 34. Qd2
Qg7 35. Nh2 Qd7 36. Qd3 Bg6 37. Qd1 Qh7 0-1

[Event "British Chess Championship 2010"]
[Site "Canterbury ENG"]
[Date "2010.08.04"]
[Round "9.22"]
[White "Padilla Cabero, Pablo"]
[Black "Jackson, James P"]
[Result "0-1"]
[WhiteElo "2149"]
[BlackElo "2135"]
[PlyCount "90"]
[EventDate "2010.07.27"]
[EventType "swiss"]
[EventRounds "11"]
[EventCountry "ENG"]
[Source "lmi"]
[SourceDate "2010.07.25"]

1. e4 c5 2. Nc3 Nc6 3. d3 g6 4. g3 Bg7 5. Bg2 d6 6. Be3 e5 7. Qd2 Nge7 8. Nge2
Be6 9. h3 Qd7 10. Nd1 O-O-O 11. c4 Kb8 12. f4 f5 13. Rc1 Rde8 14. Nf2 h6 15. b3
exf4 16. gxf4 g5 17. fxg5 hxg5 18. Bxg5 Ng6 19. h4 Rhf8 20. exf5 Bxf5 21. Ne4
Bg4 22. Nf4 Nge5 23. Qe3 Nd4 24. Kd2 Qc7 25. Nd5 Qa5+ 26. Ndc3 Nef3+ 27. Bxf3
Nxf3+ 28. Kc2 Bxc3 29. Nxc3 Rxe3 30. Bxe3 Re8 31. Bf4 Ne5 32. h5 Bf5 33. Rcd1
Qd8 34. Ne4 a6 35. Bg5 Qa5 36. Nc3 Rg8 37. Bd2 Nxd3 38. Rdg1 Nf2+ 39. Kb2 Nd3+
40. Ka1 Qd8 41. h6 Rxg1+ 42. Rxg1 Qh4 43. Be3 Qh2 44. Rb1 Qc2 45. Nd5 Nb4 0-1

[Event "British Chess Championship 2010"]
[Site "Canterbury ENG"]
[Date "2010.08.04"]
[Round "9.23"]
[White "Grant, David J"]
[Black "Chapman, Terry P D"]
[Result "1-0"]
[WhiteElo "2082"]
[BlackElo "2251"]
[PlyCount "29"]
[EventDate "2010.07.27"]
[EventType "swiss"]
[EventRounds "11"]
[EventCountry "ENG"]
[Source "lmi"]
[SourceDate "2010.07.25"]

1. c4 e6 2. Nc3 d5 3. d4 c6 4. e4 dxe4 5. Nxe4 Bb4+ 6. Bd2 Qxd4 7. Bxb4 Qxe4+
8. Be2 Na6 9. Bf8 Ne7 10. Bxg7 Qxg2 11. Bf6 Qxh1 12. Qd6 O-O 13. Qg3+ Ng6 14.
Bf3 Qxg1+ 15. Qxg1 1-0

[Event "British Chess Championship 2010"]
[Site "Canterbury ENG"]
[Date "2010.08.04"]
[Round "9.24"]
[White "Maciol, Ryszard"]
[Black "Goodger, Martyn"]
[Result "1/2-1/2"]
[WhiteElo "2239"]
[BlackElo "2123"]
[PlyCount "84"]
[EventDate "2010.07.27"]
[EventType "swiss"]
[EventRounds "11"]
[EventCountry "ENG"]
[Source "lmi"]
[SourceDate "2010.07.25"]

1. d4 f5 2. Nc3 d5 3. Bg5 c6 4. e3 Qb6 5. Bd3 g6 6. Nge2 Bg7 7. O-O Nf6 8. Na4
Qd8 9. f3 O-O 10. c4 Kh8 11. b3 Qe8 12. Qd2 dxc4 13. bxc4 e5 14. Nac3 exd4 15.
exd4 Na6 16. Rfe1 Qf7 17. Bh6 Bxh6 18. Qxh6 Nb4 19. Nf4 Kg8 20. d5 Nxd3 21.
Nxd3 cxd5 22. cxd5 Bd7 23. Ne5 Qg7 24. Qxg7+ Kxg7 25. Nxd7 Nxd7 26. Nb5 Nc5 27.
Nc7 Rad8 28. Rad1 Rd7 29. d6 Rfd8 30. Rd5 b6 31. Re7+ Kg8 32. Nb5 a6 33. Rxd7
Rxd7 34. Nc7 Nb7 35. Nxa6 Rxd6 36. Rb5 Rd1+ 37. Kf2 Rd2+ 38. Kg3 Rxa2 39. Rxb6
Nd8 40. Nb4 Rd2 41. h4 Nf7 42. h5 Kg7 1/2-1/2

[Event "British Chess Championship 2010"]
[Site "Canterbury ENG"]
[Date "2010.08.04"]
[Round "9.25"]
[White "Vrubl, Jaroslav"]
[Black "Brown, Martin"]
[Result "1-0"]
[WhiteElo "2210"]
[BlackElo "2093"]
[PlyCount "55"]
[EventDate "2010.07.27"]
[EventType "swiss"]
[EventRounds "11"]
[EventCountry "ENG"]
[Source "lmi"]
[SourceDate "2010.07.25"]

1. e4 e6 2. d4 d5 3. exd5 exd5 4. Bf4 Nf6 5. Bd3 c5 6. Nf3 Nc6 7. dxc5 Bxc5 8.
O-O O-O 9. Ne5 Qb6 10. Nd2 Qxb2 11. Nxc6 bxc6 12. Nb3 Bb6 13. a4 Ng4 14. a5 Qf6
15. Qd2 Bd8 16. Rfe1 g5 17. Bg3 c5 18. c4 Ba6 19. Nxc5 Qc6 20. Nxa6 Qxa6 21.
cxd5 Qh6 22. h3 Nf6 23. Bd6 Ne4 24. Bxf8 Qxf8 25. Rxe4 Qd6 26. Rae1 h6 27. Qc3
Bf6 28. Qc6 1-0

[Event "British Chess Championship 2010"]
[Site "Canterbury ENG"]
[Date "2010.08.04"]
[Round "9.26"]
[White "Mackle, Dominic"]
[Black "Anderson, John"]
[Result "1-0"]
[WhiteElo "2021"]
[BlackElo "2208"]
[PlyCount "53"]
[EventDate "2010.07.27"]
[EventType "swiss"]
[EventRounds "11"]
[EventCountry "ENG"]
[Source "lmi"]
[SourceDate "2010.07.25"]

1. d4 Nf6 2. Bg5 g6 3. Bxf6 exf6 4. e3 d6 5. h4 h5 6. Bc4 Bh6 7. Nc3 f5 8. Qf3
O-O 9. Nge2 Nd7 10. Nf4 Bxf4 11. Qxf4 Kg7 12. O-O-O Nf6 13. f3 d5 14. Bb3 c6
15. e4 fxe4 16. fxe4 dxe4 17. d5 cxd5 18. Bxd5 Bg4 19. Bxb7 Qb8 20. Rd6 Qxb7
21. Qxf6+ Kh7 22. Qd4 Bf5 23. Nd5 Rac8 24. g4 hxg4 25. h5 f6 26. Nxf6+ Rxf6 27.
Qxf6 1-0

[Event "British Chess Championship 2010"]
[Site "Canterbury ENG"]
[Date "2010.08.04"]
[Round "9.27"]
[White "Henderson, Ian R"]
[Black "Shaw, Peter"]
[Result "0-1"]
[WhiteElo "2108"]
[BlackElo "2173"]
[PlyCount "86"]
[EventDate "2010.07.27"]
[EventType "swiss"]
[EventRounds "11"]
[EventCountry "ENG"]
[Source "lmi"]
[SourceDate "2010.07.25"]

1. d4 d5 2. c4 c6 3. Nf3 Nf6 4. e3 Bg4 5. h3 Bxf3 6. Qxf3 e6 7. Bd3 Nbd7 8. O-O
Bd6 9. Nc3 O-O 10. Bd2 Qe7 11. e4 e5 12. exd5 exd4 13. Ne4 cxd5 14. Nxf6+ Qxf6
15. Qxd5 Qe5 16. f4 Qxd5 17. cxd5 Nf6 18. Bc4 Rfd8 19. f5 h6 20. g4 Be7 21.
Rae1 Kf8 22. g5 hxg5 23. Bxg5 Rac8 24. Bb3 Rc7 25. Bxf6 Bxf6 26. Re2 Re8 27.
Rfe1 Rxe2 28. Rxe2 Bg5 29. Kg2 Be3 30. Rc2 Rd7 31. Kf3 Ke7 32. Kg4 Kd6 33. Rc8
Bh6 34. Re8 d3 35. Re4 d2 36. Re2 Rc7 37. Re4 Rc1 38. Rd4 Rb1 39. Rd3 Rxb2 40.
Kf3 Rb1 41. Ke4 b5 42. Kd4 a5 43. Kc3 Rf1 0-1

[Event "British Chess Championship 2010"]
[Site "Canterbury ENG"]
[Date "2010.08.04"]
[Round "9.28"]
[White "Rich, Mark C"]
[Black "Jones, William E G"]
[Result "0-1"]
[WhiteElo "2166"]
[BlackElo "2091"]
[PlyCount "42"]
[EventDate "2010.07.27"]
[EventType "swiss"]
[EventRounds "11"]
[EventCountry "ENG"]
[Source "lmi"]
[SourceDate "2010.07.25"]

1. d4 Nf6 2. Nc3 d5 3. Bg5 Nbd7 4. f3 c5 5. Bxf6 Nxf6 6. e4 dxe4 7. d5 exf3 8.
Nxf3 g6 9. Ne5 Bg7 10. Qf3 O-O 11. O-O-O Qc7 12. Qe2 a6 13. a4 b5 14. Nc6 e6
15. axb5 axb5 16. Kb1 Nxd5 17. Nxd5 exd5 18. Ne7+ Kh8 19. Nxc8 Rfxc8 20. Rxd5
Qa5 21. c3 Qa2+ 0-1

[Event "British Chess Championship 2010"]
[Site "Canterbury ENG"]
[Date "2010.08.04"]
[Round "9.29"]
[White "Williams, Peter A"]
[Black "Galliano, Alexander"]
[Result "1/2-1/2"]
[WhiteElo "2145"]
[BlackElo "2085"]
[PlyCount "96"]
[EventDate "2010.07.27"]
[EventType "swiss"]
[EventRounds "11"]
[EventCountry "ENG"]
[Source "lmi"]
[SourceDate "2010.07.25"]

1. d4 Nf6 2. c4 g6 3. Nc3 Bg7 4. e4 d6 5. f4 O-O 6. Nf3 Na6 7. e5 Nd7 8. c5
dxc5 9. Bxa6 bxa6 10. d5 Nb6 11. Be3 Bb7 12. Bxc5 Nxd5 13. Nxd5 Bxd5 14. O-O c6
15. Qa4 a5 16. Nd4 Qc7 17. Rae1 Rfd8 18. Qa3 e6 19. Rf2 Rd7 20. Rc2 g5 21. g3
gxf4 22. gxf4 Kh8 23. Kf2 Rg8 24. Rg1 f6 25. Bd6 Qb6 26. Qc5 fxe5 27. Bxe5 Bxe5
28. Rxg8+ Kxg8 29. fxe5 Rf7+ 30. Ke1 Qd8 31. Qc3 Kh8 32. Qg3 Rg7 33. Qf4 Qg5
34. Qf8+ Rg8 35. Qf6+ Qxf6 36. exf6 Rg1+ 37. Kd2 Rg2+ 38. Ke3 e5 39. Ne6 Kg8
40. Rxg2+ Bxg2 41. Nc5 Kf7 42. Nd7 Bd5 43. Nxe5+ Kxf6 44. Kf4 Ke6 45. a3 Kd6
46. Nd3 Bc4 47. Nf2 Kd5 48. Ke3 Ke5 1/2-1/2

[Event "British Chess Championship 2010"]
[Site "Canterbury ENG"]
[Date "2010.08.04"]
[Round "9.30"]
[White "Helbig, Paul D"]
[Black "Jameson, David"]
[Result "0-1"]
[WhiteElo "2160"]
[BlackElo "2047"]
[PlyCount "108"]
[EventDate "2010.07.27"]
[EventType "swiss"]
[EventRounds "11"]
[EventCountry "ENG"]
[Source "lmi"]
[SourceDate "2010.07.25"]

1. e4 e5 2. f4 d5 3. exd5 exf4 4. Nf3 Nf6 5. Bc4 c6 6. d4 cxd5 7. Bb3 Bd6 8.
O-O O-O 9. Nc3 Be6 10. Ng5 Bg4 11. Qd3 h6 12. Nh3 f3 13. Bf4 Nc6 14. Nxd5 Nxd5
15. Bxd5 Nb4 16. Qg6 Bxf4 17. Qxg4 Be3+ 18. Kh1 fxg2+ 19. Bxg2 Nxc2 20. Rad1
Bxd4 21. Qe4 Rc8 22. Rd2 Re8 23. Qf5 Qf6 24. Qd3 Qg6 25. Qxg6 fxg6 26. Bxb7 Rc7
27. Bd5+ Kh7 28. Rc1 Rec8 29. Rcxc2 Rxc2 30. Rxd4 Rxb2 31. Rc4 Rd8 32. Nf4 Rxa2
33. Rc7 Rf2 34. Rc4 Rxf4 35. Rxf4 Rxd5 36. Ra4 Rd7 37. Ra6 g5 38. Kg2 Rf7 39.
Kg3 Kg8 40. Kg2 Kf8 41. Kg3 Ke8 42. Kg2 Kd8 43. Kg3 Kc8 44. Kg2 Kb7 45. Ra1 a6
46. Rb1+ Ka7 47. Kg3 a5 48. Ra1 Ka6 49. Kg2 Rf4 50. Re1 a4 51. Re8 Ka5 52. Re7
a3 53. Ra7+ Kb4 54. Rxg7 Kb3 0-1

[Event "British Chess Championship 2010"]
[Site "Canterbury ENG"]
[Date "2010.08.04"]
[Round "9.31"]
[White "Combie, Alex B"]
[Black "Ball, Laurence"]
[Result "0-1"]
[WhiteElo "2018"]
[BlackElo "2106"]
[PlyCount "136"]
[EventDate "2010.07.27"]
[EventType "swiss"]
[EventRounds "11"]
[EventCountry "ENG"]
[Source "lmi"]
[SourceDate "2010.07.25"]

1. d4 f5 2. Nc3 Nf6 3. Bg5 d5 4. Bxf6 exf6 5. e3 Be6 6. Qf3 c6 7. Bd3 g6 8. h4
h5 9. Nce2 Bd6 10. Nf4 Bf7 11. O-O-O Qd7 12. Re1 O-O 13. Ngh3 Na6 14. c3 Nc7
15. Qd1 Ne6 16. Nxe6 Bxe6 17. Nf4 Bxf4 18. exf4 Qd6 19. Qd2 Kh7 20. f3 Rae8 21.
g3 Bd7 22. Rxe8 Rxe8 23. Re1 Re6 24. Rxe6 Qxe6 25. Qe2 Kg7 26. Qxe6 Bxe6 27. b3
Kf7 28. c4 Ke7 29. c5 Kd7 30. Kd2 Kc7 31. g4 b6 32. cxb6+ Kxb6 33. g5 fxg5 34.
fxg5 Kc7 35. b4 Bd7 36. Ke3 Kd6 37. Ba6 Be6 38. Kd3 Kc7 39. Kc3 Kb6 40. Be2 Bd7
41. Kd2 Be8 42. Ke3 Kc7 43. Bd3 Kd6 44. a4 Bd7 45. Kf4 Ke6 46. Ba6 Kd6 47. b5
c5 48. dxc5+ Kxc5 49. Ke5 d4 50. b6 axb6 51. Bd3 Bxa4 52. Kf6 Be8 53. Ke7 Bb5
54. Bb1 Kc4 55. Kf7 d3 56. Kxg6 Kc3 57. Bxd3 Bxd3 58. Kxh5 b5 59. g6 b4 60. g7
Bc4 61. Kg6 b3 62. h5 b2 63. h6 b1=Q 64. h7 f4+ 65. Kh6 Qh1+ 66. Kg6 Bd3+ 67.
Kg5 Qxh7 68. Kxf4 Qh6+ 0-1

[Event "British Chess Championship 2010"]
[Site "Canterbury ENG"]
[Date "2010.08.04"]
[Round "9.33"]
[White "Cumming, Rhys"]
[Black "Mayhew, Andrew"]
[Result "1/2-1/2"]
[WhiteElo "1986"]
[BlackElo "2085"]
[PlyCount "92"]
[EventDate "2010.07.27"]
[EventType "swiss"]
[EventRounds "11"]
[EventCountry "ENG"]
[Source "lmi"]
[SourceDate "2010.07.25"]

1. e4 b6 2. d4 Bb7 3. Bd3 e6 4. Be3 Nf6 5. Nd2 c5 6. c3 Be7 7. h3 cxd4 8. cxd4
Ba6 9. Bxa6 Nxa6 10. a3 O-O 11. Ne2 Qc7 12. O-O Qb7 13. Ng3 Nc7 14. f4 Rac8 15.
f5 Kh8 16. Bg5 h6 17. Be3 Qa6 18. Nf3 d5 19. e5 Ne4 20. Nxe4 dxe4 21. Nh2 exf5
22. Rxf5 Nd5 23. Qd2 Qd3 24. Bxh6 Qxd2 25. Bxd2 Rc2 26. Nf1 Rxb2 27. Rf2 Kg8
28. a4 Rc8 29. Be1 Rcc2 30. Rxc2 Rxc2 31. Bf2 Nf4 32. Ng3 e3 33. Bxe3 Rxg2+ 34.
Kh1 Rxg3 35. Bxf4 Rxh3+ 36. Kg2 Rd3 37. a5 Rxd4 38. axb6 axb6 39. Kf3 Rd8 40.
Ke4 b5 41. Ra7 Bf8 42. Rb7 b4 43. Bg3 Rd1 44. Rb8 Rg1 45. Bf2 Rc1 46. Be3 Re1
1/2-1/2

[Event "British Chess Championship 2010"]
[Site "Canterbury ENG"]
[Date "2010.08.04"]
[Round "9.34"]
[White "Senior, Gary"]
[Black "McCullough, Simon L"]
[Result "1-0"]
[WhiteElo "2069"]
[BlackElo "2030"]
[PlyCount "119"]
[EventDate "2010.07.27"]
[EventType "swiss"]
[EventRounds "11"]
[EventCountry "ENG"]
[Source "lmi"]
[SourceDate "2010.07.25"]

1. e4 c6 2. Ne2 d5 3. e5 g6 4. d4 Bg7 5. Ng3 h5 6. h4 Nh6 7. Bd3 Qb6 8. c3 c5
9. dxc5 Qxc5 10. Be3 Qc7 11. f4 Ng4 12. Bd4 Nc6 13. Bg1 Bh6 14. Ne2 O-O 15. Qc2
f6 16. Bxg6 fxe5 17. Nd2 e4 18. O-O-O Bf5 19. Bxf5 Rxf5 20. g3 e5 21. Qb3 exf4
22. gxf4 Na5 23. Qb5 a6 24. Qb4 Bf8 25. Qb6 Qxb6 26. Bxb6 Nc4 27. Nxc4 dxc4 28.
Ng3 Rb5 29. Nxh5 Kf7 30. Ng3 Rxb6 31. Nxe4 Bh6 32. Ng5+ Bxg5 33. hxg5 Nf2 34.
Rh7+ Kg8 35. Rdd7 Rg6 36. Kd2 Rf8 37. Ke3 Nd3 38. Rh4 Re6+ 39. Kd4 Nxf4 40.
Rxb7 Rg6 41. Kxc4 Rxg5 42. Rhh7 Rc8+ 43. Rhc7 Re8 44. b4 Nd5 45. Rc6 Ne3+ 46.
Kb3 Ra8 47. a4 Rg7 48. Rcc7 Rxc7 49. Rxc7 Nd5 50. Rd7 Nb6 51. Rb7 Nc8 52. c4
Kf8 53. b5 axb5 54. cxb5 Ke8 55. Kb4 Kd8 56. Rh7 Nb6 57. Kc5 Nxa4+ 58. Kd6 Kc8
59. Kc6 Kb8 60. b6 1-0

[Event "British Chess Championship 2010"]
[Site "Canterbury ENG"]
[Date "2010.08.04"]
[Round "9.35"]
[White "Dines, Sheila J"]
[Black "Almond, Richard J"]
[Result "0-1"]
[WhiteElo "1931"]
[BlackElo "2148"]
[PlyCount "104"]
[EventDate "2010.07.27"]
[EventType "swiss"]
[EventRounds "11"]
[EventCountry "ENG"]
[Source "lmi"]
[SourceDate "2010.07.25"]

1. e4 d5 2. exd5 Qxd5 3. Nf3 Bg4 4. Be2 Nc6 5. d4 O-O-O 6. c4 Qf5 7. Be3 Bxf3
8. Bxf3 Nxd4 9. Bxd4 Qe6+ 10. Be2 Qe4 11. Nc3 Qxd4 12. Qxd4 Rxd4 13. Nb5 Rd8
14. Nxa7+ Kb8 15. Nb5 e6 16. O-O Nf6 17. Rfd1 Bc5 18. Kf1 h5 19. h3 g5 20. a3
c6 21. Nc3 Bd4 22. Rac1 g4 23. Rd3 Kc7 24. Rcd1 e5 25. Ke1 Rhg8 26. Bf1 Nh7 27.
b3 f5 28. Ne2 c5 29. Nc3 Nf6 30. Nb5+ Kc8 31. b4 Ne4 32. Nxd4 cxd4 33. f3 Nc3
34. R1d2 gxh3 35. gxh3 Rg3 36. Kf2 h4 37. Ke1 Kc7 38. Bg2 e4 39. fxe4 Rxd3 40.
Rxd3 fxe4 41. Rd2 d3 42. Kf2 Kd6 43. Ke3 Ke5 44. Bxe4 Nxe4 45. Rxd3 Rxd3+ 46.
Kxd3 Nf2+ 47. Ke3 Nxh3 48. a4 Nf4 49. Kf3 h3 50. Kg3 Kd4 51. c5 Kc4 52. a5 Kxb4
0-1

[Event "British Chess Championship 2010"]
[Site "Canterbury ENG"]
[Date "2010.08.04"]
[Round "9.36"]
[White "Messam-Sparks, Lateefah"]
[Black "Freeman, Richard C P"]
[Result "1/2-1/2"]
[WhiteElo "1904"]
[BlackElo "2056"]
[PlyCount "43"]
[EventDate "2010.07.27"]
[EventType "swiss"]
[EventRounds "11"]
[EventCountry "ENG"]
[Source "lmi"]
[SourceDate "2010.07.25"]

1. d4 g6 2. e4 d6 3. Nc3 c6 4. Be3 Bg7 5. Qd2 b5 6. f3 a6 7. h4 h5 8. a4 b4 9.
Nd1 a5 10. Nh3 Ba6 11. c3 Bxf1 12. Kxf1 bxc3 13. bxc3 Nd7 14. Ng5 Ngf6 15. Nf2
O-O 16. Nd3 e5 17. Kf2 Qe7 18. g3 d5 19. dxe5 Nxe5 20. Nxe5 Qxe5 21. Bd4 Qc7
22. exd5 1/2-1/2

[Event "British Chess Championship 2010"]
[Site "Canterbury ENG"]
[Date "2010.08.04"]
[Round "9.37"]
[White "Krzyzanowski, Patryk"]
[Black "Tambini, Jasper"]
[Result "0-1"]
[WhiteElo "2030"]
[BlackElo "1890"]
[PlyCount "138"]
[EventDate "2010.07.27"]
[EventType "swiss"]
[EventRounds "11"]
[EventCountry "ENG"]
[Source "lmi"]
[SourceDate "2010.07.25"]

1. d4 d5 2. c4 e6 3. Nc3 Nf6 4. cxd5 exd5 5. Bg5 Be7 6. e3 O-O 7. Bd3 h6 8. Bh4
c6 9. Qc2 Be6 10. Nge2 Re8 11. O-O Nbd7 12. Nf4 Nf8 13. Nxe6 Nxe6 14. Bf5 Nd7
15. Bg3 Rc8 16. Rfc1 Bf8 17. f3 Nf6 18. Qf2 g6 19. Bd3 c5 20. Be5 Nd7 21. Bg3
cxd4 22. exd4 Nxd4 23. Nxd5 Rxc1+ 24. Rxc1 Qg5 25. Nf4 Bc5 26. Kf1 Nb3 27. Re1
Bxf2 28. Rxe8+ Kg7 29. Kxf2 Qc5+ 30. Kf1 Qc1+ 31. Be1 Nbc5 32. Ne2 Qd1 33. Bb5
Nf6 34. Rc8 Nd3 35. Bxd3 Qxd3 36. Bc3 g5 37. Kf2 Kg6 38. Ng3 h5 39. h4 gxh4 40.
Ne2 Qf5 41. Rc4 Ng4+ 42. Ke1 Ne3 43. Nf4+ Qxf4 44. Rxf4 Nxg2+ 45. Kf1 Nxf4 46.
Be5 Kf5 47. Bd6 Nd3 48. b4 Ne5 49. Kg2 f6 50. Be7 h3+ 51. Kg3 h2 52. Kxh2 Nxf3+
53. Kg3 Ne5 54. Bc5 a6 55. Kh4 Kg6 56. a4 f5 57. Bd6 Nd3 58. Kg3 f4+ 59. Kf3
Kf5 60. b5 axb5 61. axb5 Ne5+ 62. Kf2 Ke4 63. b6 Nd3+ 64. Ke2 h4 65. Kf1 h3 66.
Kg1 Kf3 67. Kh2 Kg4 68. Kg1 Kg3 69. Kh1 Nf2+ 0-1

[Event "British Chess Championship 2010"]
[Site "Canterbury ENG"]
[Date "2010.08.04"]
[Round "9.38"]
[White "Fegan, Chris"]
[Black "Van Kemenade, Rudy"]
[Result "0-1"]
[WhiteElo "2051"]
[BlackElo "1995"]
[PlyCount "70"]
[EventDate "2010.07.27"]
[EventType "swiss"]
[EventRounds "11"]
[EventCountry "ENG"]
[Source "lmi"]
[SourceDate "2010.07.25"]

1. d4 Nf6 2. Nf3 d6 3. Nc3 Nbd7 4. Bf4 c6 5. h3 Qa5 6. Qd2 e5 7. Bh2 Be7 8. e3
O-O 9. Bd3 exd4 10. exd4 d5 11. a3 b5 12. O-O Nb6 13. Qe2 Re8 14. Ne5 Bd7 15.
g4 g6 16. Qf3 Rf8 17. Bf4 Kg7 18. Qe3 Ng8 19. Qg3 Be8 20. Rae1 Nc4 21. Bc1 f6
22. Nf3 Bd6 23. Qh4 h6 24. Re2 Qd8 25. g5 fxg5 26. Bxg5 Qd7 27. Rfe1 Rxf3 28.
Bxh6+ Nxh6 29. Re6 Ng8 30. Qg4 Rf6 31. Bxc4 Rxe6 32. Rxe6 Nf6 33. Qe2 bxc4 34.
f4 Bf7 35. Re3 Re8 0-1

[Event "British Chess Championship 2010"]
[Site "Canterbury ENG"]
[Date "2010.08.04"]
[Round "9.39"]
[White "Bucher, Grant W"]
[Black "Doran, Chris"]
[Result "1-0"]
[WhiteElo "2012"]
[BlackElo "1997"]
[PlyCount "120"]
[EventDate "2010.07.27"]
[EventType "swiss"]
[EventRounds "11"]
[EventCountry "ENG"]
[Source "lmi"]
[SourceDate "2010.07.25"]

1. e4 c5 2. Nf3 d6 3. d4 cxd4 4. Nxd4 Nf6 5. Nc3 g6 6. Be3 Bg7 7. f3 O-O 8. Qd2
Nc6 9. Bc4 Bd7 10. O-O-O Rc8 11. Bb3 Ne5 12. Kb1 b5 13. Ndxb5 a6 14. Na3 Be6
15. Nd5 Nxd5 16. exd5 Bd7 17. Bd4 a5 18. c3 a4 19. Bc2 Qa5 20. Rhe1 Rfe8 21. f4
Nc4 22. Nxc4 Rxc4 23. Bxg7 Kxg7 24. Re4 Rxe4 25. Bxe4 Rc8 26. Qd4+ Kg8 27. Re1
Qa6 28. Bd3 Bb5 29. Kc2 Rb8 30. Bxb5 Qxb5 31. c4 Rc8 32. Kd3 Qd7 33. Qe4 Qb7
34. Re2 Rc7 35. f5 Qa8 36. g4 Rb7 37. Kc3 Qf8 38. g5 gxf5 39. Qxf5 Qg7+ 40. Kd3
Rc7 41. h4 a3 42. b3 Qa1 43. Rf2 Qd1+ 44. Kc3 Qh5 45. Rf3 Ra7 46. b4 Ra8 47. b5
Rf8 48. Qe4 h6 49. Qf4 hxg5 50. Qxg5+ Qxg5 51. hxg5 Kg7 52. Kb4 Kg6 53. Rg3 Kf5
54. b6 e5 55. dxe6 Kxe6 56. Kb5 Kd7 57. Ka6 Kc6 58. Ka7 Re8 59. Rb3 Re5 60. Rb5
d5 1-0

[Event "British Chess Championship 2010"]
[Site "Canterbury ENG"]
[Date "2010.08.05"]
[Round "10.2"]
[White "Hunt, Adam C"]
[Black "Gordon, Stephen J"]
[Result "1/2-1/2"]
[WhiteElo "2408"]
[BlackElo "2534"]
[PlyCount "59"]
[EventDate "2010.07.27"]
[EventType "swiss"]
[EventRounds "11"]
[EventCountry "ENG"]
[Source "lmi"]
[SourceDate "2010.07.25"]

1. e4 c5 2. Nf3 d6 3. d4 cxd4 4. Nxd4 Nf6 5. Nc3 a6 6. Be3 e5 7. Nb3 Be7 8. f3
Be6 9. Qd2 h5 10. Be2 Nbd7 11. a4 Nb6 12. O-O Rc8 13. a5 Nc4 14. Bxc4 Bxc4 15.
Rfd1 h4 16. Qf2 h3 17. g3 O-O 18. Nc5 Nh7 19. Nd3 Qe8 20. g4 Kh8 21. Qg3 g6 22.
Qxh3 f5 23. Nf2 Qf7 24. Bh6 Rg8 25. Be3 Rc6 26. Rd2 Rf8 27. Bh6 Rg8 28. Be3 Rf8
29. Bh6 Rg8 30. Be3 1/2-1/2

[Event "British Chess Championship 2010"]
[Site "Canterbury ENG"]
[Date "2010.08.05"]
[Round "10.3"]
[White "Bates, Richard A"]
[Black "Pert, Nicholas"]
[Result "0-1"]
[WhiteElo "2382"]
[BlackElo "2551"]
[PlyCount "80"]
[EventDate "2010.07.27"]
[EventType "swiss"]
[EventRounds "11"]
[EventCountry "ENG"]
[Source "lmi"]
[SourceDate "2010.07.25"]

1. d4 d5 2. c4 Nc6 3. Nf3 Bg4 4. Nc3 e6 5. cxd5 exd5 6. Bf4 Bd6 7. Bxd6 Qxd6 8.
e3 Nge7 9. Be2 O-O 10. O-O a6 11. Rc1 Ng6 12. Qb3 Nce7 13. Rfd1 c6 14. Qb6 Nf5
15. Ne1 Bxe2 16. Nxe2 Qe7 17. Rd3 Rae8 18. Rb3 Nd6 19. Nf3 h5 20. Qb4 Qd8 21.
h3 Re6 22. Rc2 Rfe8 23. Nc1 Rf6 24. Nd3 Rxf3 25. gxf3 Nh4 26. Ne5 f6 27. f4
fxe5 28. dxe5 Ndf5 29. Qxb7 Nf3+ 30. Kf1 Qh4 31. Qxc6 Qxh3+ 32. Ke2 Rd8 33. Qg6
N5h4 34. Qg3 Qh1 35. Rb7 Qe1+ 36. Kd3 Qd1+ 37. Kc3 Nf5 38. Qg6 Rc8+ 39. Kb4
Qxc2 40. Qf7+ Kh8 0-1

[Event "British Chess Championship 2010"]
[Site "Canterbury ENG"]
[Date "2010.08.05"]
[Round "10.4"]
[White "Hawkins, Jonathan"]
[Black "Wells, Peter K"]
[Result "1/2-1/2"]
[WhiteElo "2423"]
[BlackElo "2488"]
[PlyCount "66"]
[EventDate "2010.07.27"]
[EventType "swiss"]
[EventRounds "11"]
[EventCountry "ENG"]
[Source "lmi"]
[SourceDate "2010.07.25"]

1. d4 Nf6 2. c4 e6 3. Nf3 b6 4. g3 Ba6 5. b3 Bb7 6. Bg2 Bb4+ 7. Bd2 a5 8. O-O
O-O 9. Nc3 d6 10. Qc2 Nbd7 11. Rfe1 Bxc3 12. Bxc3 Be4 13. Qb2 Qb8 14. Bf1 b5
15. cxb5 Qxb5 16. Nd2 d5 17. Nxe4 Nxe4 18. Rec1 a4 19. e3 Qb8 20. bxa4 Rxa4 21.
Qb5 Nxc3 22. Rxc3 Nb6 23. Bd3 g6 24. a3 Qa7 25. Qc5 Ra8 26. Qc6 Qa5 27. Bb5 Rc4
28. Rxc4 dxc4 29. Bxc4 Qc3 30. Rb1 Rxa3 31. Bb5 Qxc6 32. Bxc6 Rc3 33. Bb5 Kf8
1/2-1/2